| 000 | 004370000a22001690004500 | ||
|---|---|---|---|
| 003 | MACL | ||
| 005 | 20160101171946.0 | ||
| 008 | 160101b xxu||||| |||| 00| 0 eng d | ||
| 040 |
_aMACL _cMACL |
||
| 041 | _aEnglish | ||
| 082 | _a370.1/SEA | ||
| 100 |
_aSearch, Preston W _926776 |
||
| 245 | _aAn Ideal School Or Looking Forward | ||
| 260 |
_bD Appleton & Co _c1915 _aLondon |
||
| 650 |
_aEducation _926777 |
||
| 942 |
_cBK _k370.1/SEA _2ddc |
||
| 999 |
_c37630 _d37630 |
||